Cargando…

Broadcasting the Civil War in El Salvador : A Memoir of Guerrilla Radio /

Detalles Bibliográficos
Clasificación:Libro Electrónico
Autor principal: Henríquez Consalvi, Carlos, 1945-
Formato: Electrónico eBook
Idioma:Inglés
Publicado: Austin : University of Texas Press, Teresa Lozano Long Institute of Latin American Studies, 2010.
Edición:1st University of Texas Press ed.
Colección:Book collections on Project MUSE.
Temas:
Acceso en línea:Texto completo

MARC

LEADER 00000cam a22000004a 4500
001 musev2_580
003 MdBmJHUP
005 20230905040115.0
006 m o d
007 cr||||||||nn|n
008 100329s2010 txu o 00 0 eng d
010 |z  2010011245 
020 |a 9780292793071 
020 |z 9780292722859 
020 |z 0292793073 
020 |z 0292722850 
035 |a (OCoLC)864844448 
040 |a MdBmJHUP  |c MdBmJHUP 
043 |a nces--- 
050 0 4 |a PN1991.3.S2  |b H4613 2010 
082 0 |a 791.44097284/09048  |2 22 
100 1 |a Henríquez Consalvi, Carlos,  |d 1945- 
240 1 0 |a Terquedad del Izote.  |l English 
245 1 0 |a Broadcasting the Civil War in El Salvador :   |b A Memoir of Guerrilla Radio /   |c by Carlos Henríquez Consalvi ("Santiago") ; translated by Charles Leo Nagle V with A.L. (Bill) Prince ; introduction by Erik Ching. 
250 |a 1st University of Texas Press ed. 
264 1 |a Austin :  |b University of Texas Press, Teresa Lozano Long Institute of Latin American Studies,  |c 2010. 
264 3 |a Baltimore, Md. :  |b Project MUSE,   |c 2012 
264 4 |c ©2010. 
300 |a 1 online resource (293 pages):   |b ill., maps ; 
336 |a text  |b txt  |2 rdacontent 
337 |a computer  |b c  |2 rdamedia 
338 |a online resource  |b cr  |2 rdacarrier 
490 0 |a LLILAS translations from Latin America series 
500 |a Includes index. 
588 |a Description based on print version record. 
610 2 0 |a Radio Venceremos (El Salvador)  |x History. 
650 0 |a Guerrillas  |z El Salvador. 
650 0 |a Radio broadcasting  |z El Salvador  |x History  |y 20th century. 
651 0 |a El Salvador  |x History  |y 1979-1992. 
655 7 |a Electronic books.   |2 local 
710 2 |a Project Muse.  |e distributor 
830 0 |a Book collections on Project MUSE. 
856 4 0 |z Texto completo  |u https://projectmuse.uam.elogim.com/book/580/ 
945 |a Project MUSE - Custom Collection 
945 |a Project MUSE - 2010 History 
945 |a Project MUSE - Archive Latin American and Caribbean Studies Foundation 
945 |a Project MUSE - 2010 Complete